000 00459nam a2200157 4500
001 136063
003 ES-MaACL
005 20230906195027.0
007 t|
008 070214s1933 xxk r ||||1| eng d
100 1 _aRowe, Allan Winter.
_9100174
245 1 4 _aThe differential diagnosis of endocrine disorders /
_cAllan Winter Rowe.
260 _aLondon :
_bBailliere Tindall and Cox,
_c1933.
300 _aX, 220 p. ;
_c24 cm.
852 _aES-MaACL
_jE-1088
999 _c136063
_d136063